| 000 | 00710nam a2200205Ia 4500 | ||
|---|---|---|---|
| 003 | GCL | ||
| 008 | 140319s9999 xx 000 0 ara d | ||
| 040 |
_aGCL / _cGCL |
||
| 082 | 0 | 4 |
_a823.009 _bل ع |
| 100 | 1 | _aليسكا، بيتر | |
| 245 | 1 | 0 |
_aعالم شتاينيك الرحيب : دراسة فى فنه القصصى / _cليسكا، بيتر |
| 700 | 1 | _aعبدالطيف شراره | |
| 700 | 1 | _aعبداللطيف شرارة (مترجم) | |
| 700 | 1 | _aسميرة عزام (مراجع) | |
| 300 | _a347 ص | ||
| 490 |
_aالهيئة العامة للاستعلامات _v0 |
||
| 650 | 0 | 4 | _aالادب الامريكى - تاريخ ونقد |
| 650 | 0 | 4 | _aشتاينيك, جون |
| 942 |
_2ddc _cBK |
||
| 999 |
_c47399 _d47399 |
||